Countries of the Eastern Hemisphere - Statistics

General Stats
  • This quiz has been taken 47 times
  • The average score is 90 of 147
Answers on the Map
Answers color-coded by a green-red scale on the quiz's map according to % correct below.
 
Answer Stats
Country % Correct
China
83%
Japan
83%
North Korea
79%
Russia
79%
South Korea
79%
Turkey
79%
Australia
76%
Egypt
76%
India
76%
Mongolia
76%
Nepal
76%
Pakistan
76%
Saudi Arabia
76%
Vietnam
76%
Afghanistan
72%
Cambodia
72%
Chad
72%
Denmark
72%
Indonesia
72%
Iran
72%
Iraq
72%
Kazakhstan
72%
Laos
72%
Madagascar
72%
Malaysia
72%
Myanmar
72%
New Zealand
72%
South Africa
72%
Sweden
72%
Thailand
72%
Ukraine
72%
United Kingdom
72%
Bangladesh
69%
Belgium
69%
Finland
69%
France
69%
Germany
69%
Greece
69%
Israel
69%
Italy
69%
Norway
69%
Oman
69%
Philippines
69%
South Sudan
69%
Spain
69%
Sudan
69%
Uzbekistan
69%
Algeria
66%
Czech Republic
66%
Democratic Republic of the Congo
66%
Ethiopia
66%
Netherlands
66%
Niger
66%
Nigeria
66%
Republic of the Congo
66%
Rwanda
66%
Sri Lanka
66%
Switzerland
66%
Syria
66%
United States
66%
Yemen
66%
Zambia
66%
Austria
62%
Azerbaijan
62%
Belarus
62%
Bhutan
62%
Bosnia and Herzegovina
62%
Gabon
62%
Georgia
62%
Hungary
62%
Jordan
62%
Lebanon
62%
Lesotho
62%
Libya
62%
Malta
62%
Mozambique
62%
Slovakia
62%
Somalia
62%
Taiwan
62%
Tajikistan
62%
Tanzania
62%
United Arab Emirates
62%
Zimbabwe
62%
Armenia
59%
Bulgaria
59%
Cyprus
59%
Central African Republic
59%
Estonia
59%
Kenya
59%
Kuwait
59%
Kyrgyzstan
59%
Lithuania
59%
Namibia
59%
Poland
59%
Qatar
59%
Romania
59%
Slovenia
59%
Turkmenistan
59%
Albania
55%
Angola
55%
Botswana
55%
Croatia
55%
Eritrea
55%
Fiji
55%
Latvia
55%
Malawi
55%
Maldives
55%
Moldova
55%
Papua New Guinea
55%
Tunisia
55%
Uganda
55%
Benin
52%
Brunei
52%
Burundi
52%
Cameroon
52%
Djibouti
52%
Eswatini
52%
Ghana
52%
Kosovo
52%
Mali
52%
Montenegro
52%
North Macedonia
52%
Serbia
52%
Togo
52%
Bahrain
48%
Burkina Faso
48%
East Timor
48%
Equatorial Guinea
48%
Liechtenstein
48%
Palau
48%
San Marino
48%
Tuvalu
48%
Vatican City
48%
Andorra
45%
Comoros
45%
São Tomé and Príncipe
45%
Luxembourg
45%
Marshall Islands
45%
Mauritius
45%
Monaco
45%
Nauru
45%
Seychelles
45%
Singapore
45%
Solomon Islands
45%
Federated States of Micronesia
41%
Vanuatu
41%
Kiribati
38%
No matching quizzes found
Score Distribution
Percent of People with Each Score
Percentile by Number Answered
Your Score History
You have not taken this quiz